00273nam a2200121Ia 45000030006000000080041000060400015000471000019000622450013000812600028000945460012001220050017001340STCL150530s9999 xx 000 0 und d aSTCLcSTCL aRapaport, S.T. 4aThe bear bChatto and Windusc1947 aEnglish20220125170650.0